000 00493nam a2200181Ia 4500
999 _c29509
_d29509
003 OSt
005 20201123125855.0
008 190216s9999||||xx |||||||||||||| ||und||
020 _a9788171748037
040 _coclc
082 _a894.8123
_bBOS/D
100 _aBose, Batten
_96515
245 0 _aDoctor Zero /
_cBatten Bose
260 _bC I C C Book House,
_aKochi:
_c2009.
300 _a173p
650 _aNovel
942 _cBK
_2ddc
_h894.8123
_iBOS/D
_k894.8123
_mBOS/D